<?xml version='1.0' encoding='UTF-8'?>
  <record xmlns="http://www.loc.gov/MARC21/slim">
    <leader>00000cem a22000007i 4500</leader>
    <controlfield tag="001">ocn980571409</controlfield>
    <controlfield tag="003">OCoLC</controlfield>
    <controlfield tag="005">20240424174500.1</controlfield>
    <controlfield tag="008">070202s1824    gw        u     0   ger d</controlfield>
    <datafield tag="040" ind1=" " ind2=" ">
      <subfield code="a">QGJ</subfield>
      <subfield code="b">dut</subfield>
      <subfield code="c">QGJ</subfield>
      <subfield code="d">OCLCO</subfield>
      <subfield code="d">OCLCL</subfield>
      <subfield code="d">OCLCQ</subfield>
    </datafield>
    <datafield tag="035" ind1=" " ind2=" ">
      <subfield code="a">(OCoLC)980571409</subfield>
    </datafield>
    <datafield tag="041" ind1=" " ind2=" ">
      <subfield code="a">ger</subfield>
    </datafield>
    <datafield tag="245" ind1="0" ind2="0">
      <subfield code="a">Charte für die allgemeine Geschichte von Augustus Alleinherrschaft bis auf den Untergang des weströmischen Reichs :</subfield>
      <subfield code="b">d.i. von 30 v. Chr. bis 476 nach Christus /</subfield>
      <subfield code="c">entworfen von F. W. Benicken ; gez. von C. F. Weiland ; in Stein gravirt v. A. Falger.</subfield>
    </datafield>
    <datafield tag="264" ind1=" " ind2="1">
      <subfield code="a">Weimar :</subfield>
      <subfield code="b">Verlag des L. Industrie-Comptoirs,</subfield>
      <subfield code="c">[1824]</subfield>
    </datafield>
    <datafield tag="300" ind1=" " ind2=" ">
      <subfield code="a">1 krt. :</subfield>
      <subfield code="b">lithogr., in kleur ;</subfield>
      <subfield code="c">60 x 57 cm</subfield>
    </datafield>
    <datafield tag="336" ind1=" " ind2=" ">
      <subfield code="a">cartographic image</subfield>
      <subfield code="b">cri</subfield>
      <subfield code="2">rdacontent</subfield>
    </datafield>
    <datafield tag="337" ind1=" " ind2=" ">
      <subfield code="a">unmediated</subfield>
      <subfield code="b">n</subfield>
      <subfield code="2">rdamedia</subfield>
    </datafield>
    <datafield tag="338" ind1=" " ind2=" ">
      <subfield code="a">sheet</subfield>
      <subfield code="b">nb</subfield>
      <subfield code="2">rdacarrier</subfield>
    </datafield>
    <datafield tag="490" ind1="1" ind2=" ">
      <subfield code="a">Historischer Hand-Atlas zur Versinnlichung der Allgemeinen Geschichte aller Voelker und Staaten ;</subfield>
      <subfield code="v">4</subfield>
    </datafield>
    <datafield tag="500" ind1=" " ind2=" ">
      <subfield code="a">Met 3 bijkrt.: Germanen- Gothen- und Alanen-Züge; Kriegszüge der Römer in Germanien; Hunnen-Züge.</subfield>
    </datafield>
    <datafield tag="655" ind1=" " ind2="7">
      <subfield code="a">Kaarten (vorm)</subfield>
      <subfield code="0">(NL-LeOCL)088143554.</subfield>
      <subfield code="2">gtt</subfield>
    </datafield>
    <datafield tag="700" ind1="1" ind2=" ">
      <subfield code="a">Benicken, Friedrich Wilhelm,</subfield>
      <subfield code="d">1783-1847.</subfield>
    </datafield>
    <datafield tag="700" ind1="1" ind2=" ">
      <subfield code="a">Weiland, Karl Ferdinand,</subfield>
      <subfield code="d">1782-1847.</subfield>
      <subfield code="1">https://id.oclc.org/worldcat/entity/E39PBJrgG48KXxPCmWmwkgHgrq</subfield>
    </datafield>
    <datafield tag="700" ind1="1" ind2=" ">
      <subfield code="a">Falger, Anton,</subfield>
      <subfield code="d">1791-ca. 1855.</subfield>
    </datafield>
    <datafield tag="758" ind1=" " ind2=" ">
      <subfield code="a">Charte für die allgemeine Geschichte von Augustus Alleinherrschaft bis auf den Untergang des weströmischen Reichs (CartographicMaterial)</subfield>
      <subfield code="1">https://id.oclc.org/worldcat/entity/E39PCFvVcR9bk8kDrybhyF384q</subfield>
      <subfield code="4">https://id.oclc.org/worldcat/ontology/hasWork</subfield>
    </datafield>
    <datafield tag="830" ind1=" " ind2="0">
      <subfield code="a">Historischer Hand-Atlas zur Versinnlichung der Allgemeinen Geschichte aller Voelker und Staaten ;</subfield>
      <subfield code="v">4.</subfield>
    </datafield>
    <datafield tag="936" ind1=" " ind2=" ">
      <subfield code="a">BATCHLOAD</subfield>
    </datafield>
  </record>